Modern Germany : (Record no. 20322)
[ view plain ]
| 000 -LEADER | |
|---|---|
| fixed length control field | 00762nam a2200241 a 4500 |
| 001 - CONTROL NUMBER | |
| control field | 20322 |
| 003 - CONTROL NUMBER IDENTIFIER | |
| rucl marc code | BD-RjUL |
| 005 - DATE AND TIME OF LATEST TRANSACTION | |
| control field | 20211209000541.0 |
| 008 - FIXED-LENGTH DATA ELEMENTS--GENERAL INFORMATION | |
| fixed length control field | 140227r19551954nyu b 001 0 eng d |
| 035 ## - SYSTEM CONTROL NUMBER | |
| System control number | (BD-RjUL)20384 |
| 040 ## - CATALOGING SOURCE | |
| Original cataloging agency | VCAV |
| Language of cataloging | eng |
| Transcribing agency | VCAV |
| Modifying agency | BD-RjUL |
| 041 ## - LANGUAGE CODE | |
| Language code of text/sound track or separate title | eng |
| 082 04 - DEWEY DECIMAL CLASSIFICATION NUMBER | |
| Classification number | 943.08 |
| Edition number | 19 |
| Author mark and year | PIM 1955 |
| 100 1# - MAIN ENTRY--PERSONAL NAME | |
| Personal name | Pinson, Koppel S. |
| Fuller form of name | (Koppel Shub), |
| Dates associated with a name | 1904-1961. |
| 9 (RLIN) | 62645 |
| 245 10 - TITLE STATEMENT | |
| Title | Modern Germany : |
| Remainder of title | its history and civilization / |
| Statement of responsibility, etc. | Koppel S. Pinson. |
| 260 ## - PUBLICATION, DISTRIBUTION, ETC. (IMPRINT) | |
| Place of publication, distribution, etc. | New York : |
| Name of publisher, distributor, etc. | Macmillan, |
| Date of publication, distribution, etc. | c1954 [Printing 1955]. |
| 300 ## - PHYSICAL DESCRIPTION | |
| Pagination | xv, 637 p. ; |
| Size | 24 cm. |
| 504 ## - BIBLIOGRAPHY, ETC. NOTE | |
| Bibliography, etc | Bibliography: p. 577-613. |
| Bibliography, etc | Includes index. |
| 651 #0 - SUBJECT ADDED ENTRY--GEOGRAPHIC NAME | |
| Geographic name | Germany |
| General subdivision | History |
| Chronological subdivision | 1789-1900. |
| 9 (RLIN) | 62646 |
| Geographic name | Germany |
| General subdivision | History |
| Chronological subdivision | 20th century. |
| 9 (RLIN) | 62647 |
| 942 ## - ADDED ENTRY ELEMENTS (KOHA) | |
| Source of classification or shelving scheme | Dewey Decimal Classification |
| Koha item type | Books |
| Lost status | Source of classification or shelving scheme | Damaged status | Not for loan | Collection code | Permanent Location | Current Location | Shelving location | Date acquired | Source of acquisition | Cost, normal purchase price | Total Checkouts | Full call number | Date last seen | Copy number | Koha item type |
|---|---|---|---|---|---|---|---|---|---|---|---|---|---|---|---|
| Dewey Decimal Classification | Not For Loan | Non-fiction | Central Library, University of Rajshahi | Central Library, University of Rajshahi | Reading Room | 04/12/1957 | Pak. American com. | 7.50 | 943.08 PIM 1955 | 27/02/2014 | C-1 | Books |